Método para la enseñanza de la geografía
Uloženo v:
| Médium: | Kniha |
|---|---|
| Jazyk: | španělština |
| Vydáno: |
Barcelona
Teide
1969
|
| Vydání: | 2a. ed |
| Edice: | Colección UNESCO. Programas y métodos de enseñanza, 1
|
| Témata: | |
| Tagy: |
Přidat tag
Žádné tagy, Buďte první, kdo vytvoří štítek k tomuto záznamu!
|
MARC
| LEADER | 00000nam a2200000 a 4500 | ||
|---|---|---|---|
| 001 | UCY9046 | ||
| 003 | CL-VaPUC | ||
| 008 | 950707e19690000SP |||||||||||||||||spa|d | ||
| 082 | 0 | 4 | |a 372.891 |b MET |2 21 |
| 245 | 1 | 0 | |a Método para la enseñanza de la geografía |
| 250 | |a 2a. ed | ||
| 300 | |a 304 p | ||
| 942 | |c BK | ||
| 945 | |d 19950707 00:00:00 |a lriquelm | ||
| 260 | |a Barcelona |b Teide |c 1969 | ||
| 650 | 0 | |a Enseñanza de la geografía |9 310005 | |
| 650 | 0 | |a Geografía |9 259346 | |
| 650 | 0 | |a Métodos de enseñanza |9 270413 | |
| 650 | 0 | |a Fuentes de información |9 337538 | |
| 650 | 7 | |a MATERIAL Y EQUIPO DIDACTICOS |2 CL-VaPUC |9 309109 | |
| 650 | 7 | |a MATERIAL AUDIOVISUAL |2 CL-VaPUC |9 308466 | |
| 650 | 7 | |a AYUDAS AUDIOVISUALES |2 CL-VaPUC |9 339896 | |
| 583 | |a last modification |c 19950707 00:00:00 |k Rodrigo Vera | ||
| 490 | 0 | |a Colección UNESCO. Programas y métodos de enseñanza, 1 | |
| 999 | |c 236219 |d 236217 | ||
| 952 | |0 0 |1 0 |4 0 |6 372_891000000000000_MET_1969 |7 0 |8 P |9 244173 |a BIBEDU |b BIBEDU |c BIBEDU_PB |d 2019-11-18 |i 1527908 |o 372.891 MET 1969 |p 1527908 |r 2024-01-25 |w 2019-11-18 |y BK |k EDU | ||
| 952 | |0 0 |1 0 |4 0 |6 372_891000000000000_MET_1969 |7 0 |8 P |9 244174 |a BIBEDU |b BIBEDU |c BIBEDU_PB |d 2019-11-18 |i 1527916 |o 372.891 MET 1969 |p 1527916 |r 2024-01-25 |w 2019-11-18 |y BK |k EDU | ||
| 952 | |0 0 |1 0 |4 0 |6 372_891000000000000_MET_1969 |7 0 |8 A |9 244175 |a BIBING |b BIBING |d 2019-11-18 |i 1703552 |o 372.891 MET 1969 |p 1703552 |r 2025-01-20 |w 2019-11-18 |y BK |k GEO | ||
| 952 | |0 0 |1 0 |4 0 |6 372_891000000000000_MET_1969 |7 0 |8 A |9 244176 |a BIBING |b BIBING |d 2019-11-18 |i 1703560 |o 372.891 MET 1969 |p 1703560 |r 2025-01-20 |w 2019-11-18 |y BK |k GEO | ||